[Event "Kuzbass-ch op"]
[Site "Kemerovo"]
[Date "2008.11.19"]
[Round "7"]
[White "Anastasiev, Victor"]
[Black "Buslov, Ivan"]
[Result "0-1"]
[WhiteElo "2087"]
[BlackElo "2103"]
[PlyCount "108"]
[EventDate "2008.11.14"]
[EventType "swiss"]
[EventRounds "9"]
[EventCountry "RUS"]
[SourceTitle "EXT 2022"]
[Source "ChessBase"]
[SourceDate "2021.10.06"]
[SourceVersion "1"]
[SourceVersionDate "2021.10.06"]
[SourceQuality "1"]

1. e4 e6 2. d4 d5 3. Be3 dxe4 4. Nc3 Nf6 5. Nh3 h6 6. Be2 Bb4 7. 0-0 0-0 8. a3 Ba5 9. Bc4 c6 10. b4 Bc7 11. Qd2 Nbd7 12. Ne2 Nb6 13. Bb3 e5 14. dxe5 Qxd2 15. Bxd2 Bxe5 16. Rad1 Bxh3 17. gxh3 Rad8 18. Be3 Nfd5 19. Bc5 Rfe8 20. f4 exf3 21. Rxf3 Nf6 22. Rxd8 Rxd8 23. Nf4 Bd4+ 24. Bxd4 Rxd4 25. Nd3 Nbd7 26. a4 Re4 27. Rf5 g6 28. Rf3 Kg7 29. b5 c5 30. Nb2 Ne5 31. Rc3 b6 32. a5 Nfd7 33. axb6 axb6 34. Bd5 Rb4 35. Nd3 Rxb5 36. Nxe5 Nxe5 37. Re3 f6 38. c4 Rb2 39. Ra3 f5 40. Ra8 Kf6 41. Re8 f4 42. h4 Ng4 43. Rf8+ Ke5 44. Re8+ Kd4 45. Re4+ Kd3 46. Rxf4 Ne3 47. h3 g5 48. hxg5 hxg5 49. Rf3 Kd4 50. Rg3 b5 51. Rxg5 bxc4 52. Bxc4 Nxc4 53. h4 Ne5 54. Rg3 c4 0-1

[Event "Izmailov Memorial op 12th"]
[Site "Tomsk"]
[Date "2008.07.02"]
[Round "8"]
[White "Belmeskin, Ilia"]
[Black "Buslov, Ivan"]
[Result "1-0"]
[WhiteElo "2195"]
[BlackElo "2134"]
[PlyCount "64"]
[EventDate "2008.06.25"]
[EventType "swiss"]
[EventRounds "9"]
[EventCountry "RUS"]
[SourceTitle "CBM 125 Extra"]
[Source "ChessBase"]
[SourceDate "2008.09.01"]
[SourceVersion "1"]
[SourceVersionDate "2008.09.01"]
[SourceQuality "1"]

1. d4 d5 2. c4 e6 3. Nc3 Nf6 4. cxd5 exd5 5. Bg5 c6 6. e3 Bd6 7. Bd3 0-0 8. Qc2 h6 9. Bh4 Nbd7 10. Nf3 Re8 11. g4 Qa5 12. Rg1 Ne4 13. Bxe4 dxe4 14. Nd2 Bb4 15. Ndxe4 Rxe4 16. Qxe4 Bxc3+ 17. bxc3 Qxc3+ 18. Ke2 Nf8 19. Qd3 Qa5 20. f3 b6 21. Kf2 Ba6 22. Qc2 c5 23. d5 Ng6 24. Bg3 c4 25. Rgd1 Re8 26. d6 h5 27. d7 Rd8 28. Bc7 Qg5 29. Bxd8 Qxd8 30. Qe4 Nf8 31. Qe8 Qh4+ 32. Kg1 Bb5 1-0

[Event "Izmailov Memorial op 12th"]
[Site "Tomsk"]
[Date "2008.07.01"]
[Round "7"]
[White "Buslov, Ivan"]
[Black "Shapran, Nikita"]
[Result "1-0"]
[WhiteElo "2134"]
[BlackElo "1892"]
[PlyCount "82"]
[EventDate "2008.06.25"]
[EventType "swiss"]
[EventRounds "9"]
[EventCountry "RUS"]
[SourceTitle "CBM 125 Extra"]
[Source "ChessBase"]
[SourceDate "2008.09.01"]
[SourceVersion "1"]
[SourceVersionDate "2008.09.01"]
[SourceQuality "1"]

1. e4 c5 2. Nc3 d6 3. g3 g6 4. Bg2 Bg7 5. d3 Nc6 6. f4 e6 7. Nf3 Nge7 8. 0-0 0-0 9. g4 f5 10. gxf5 exf5 11. Ne2 Qb6 12. Kh1 Be6 13. Ng3 fxe4 14. dxe4 d5 15. Ng5 Bf7 16. f5 Ne5 17. exd5 gxf5 18. Nxf5 Nxf5 19. Rxf5 Bg6 20. Rxf8+ Rxf8 21. Ne6 Rf5 22. Nxg7 Kxg7 23. b3 Qd6 24. Bb2 Kg8 25. Qe2 Rh5 26. h3 Nd7 27. Rf1 Rf5 28. Qe6+ Qxe6 29. dxe6 Rxf1+ 30. Bxf1 Nb8 31. c4 Nc6 32. Bg2 Kf8 33. Bf6 Bb1 34. a3 Ba2 35. Bd5 Bxb3 36. Kg2 Ne7 37. Bxb7 Bxc4 38. Be4 h6 39. Bh4 Bxe6 40. Bf2 Nd5 41. Bxc5+ Ke8 1-0

[Event "Izmailov Memorial op 12th"]
[Site "Tomsk"]
[Date "2008.06.25"]
[Round "1"]
[White "Buslov, Ivan"]
[Black "Nevostrujev, Vladimir"]
[Result "0-1"]
[WhiteElo "2134"]
[BlackElo "2466"]
[PlyCount "64"]
[EventDate "2008.06.25"]
[EventType "swiss"]
[EventRounds "9"]
[EventCountry "RUS"]
[SourceTitle "CBM 125 Extra"]
[Source "ChessBase"]
[SourceDate "2008.09.01"]
[SourceVersion "1"]
[SourceVersionDate "2008.09.01"]
[SourceQuality "1"]

1. e4 c5 2. Nc3 Nc6 3. g3 g6 4. Bg2 Bg7 5. d3 e6 6. f4 Nge7 7. Nf3 b6 8. 0-0 0-0 9. Ne2 f5 10. h3 d6 11. Rb1 Qd7 12. Kh1 Ba6 13. g4 e5 14. gxf5 gxf5 15. fxe5 fxe4 16. dxe4 Nxe5 17. Nfg1 Rxf1 18. Bxf1 Rf8 19. Bg2 N7g6 20. Qe1 d5 21. exd5 Qf5 22. Ng3 Qxc2 23. Be3 Nh4 24. Be4 Bd3 25. Bd2 Qxb1 26. Qxb1 Bxb1 27. Bxb1 Rf2 28. Be3 Rxb2 29. Be4 Nf7 30. Bf4 Be5 31. Bxe5 Nxe5 32. d6 Rd2 0-1

[Event "RUS-ch U18"]
[Site "Dagomys"]
[Date "2004.04.??"]
[Round "10"]
[White "Kmet, Artem"]
[Black "Buslov, Ivan"]
[Result "1/2-1/2"]
[WhiteElo "2231"]
[BlackElo "2154"]
[PlyCount "70"]
[EventDate "2004.04.??"]
[EventType "swiss"]
[EventRounds "10"]
[EventCountry "RUS"]
[SourceTitle "EXT 2005"]
[Source "ChessBase"]
[SourceDate "2004.11.15"]
[SourceVersion "1"]
[SourceVersionDate "2004.11.15"]
[SourceQuality "1"]

1. d4 d5 2. Bg5 Nf6 3. Nd2 b6 4. e3 Bb7 5. Ngf3 e6 6. Bd3 Be7 7. Ne5 0-0 8. 0-0 h6 9. Bh4 c5 10. c3 Nbd7 11. f4 Ne4 12. Bxe7 Qxe7 13. Ndf3 Ndf6 14. Qe2 a6 15. g4 Nh7 16. Kh1 g5 17. Nd2 Nhf6 18. Rf3 Nd7 19. Nxd7 Qxd7 20. fxg5 hxg5 21. Raf1 Kg7 22. Bxe4 dxe4 23. Rf6 Qe7 24. Qf2 Rad8 25. Qg3 Qxf6 26. Rxf6 Kxf6 27. Qc7 cxd4 28. Qxb7 dxe3 29. Nxe4+ Kg7 30. Ng3 Rd2 31. Nh5+ Kg8 32. Qe7 Rfd8 33. Qxg5+ Kf8 34. Qh6+ Ke7 35. Qf6+ Kf8 1/2-1/2

[Event "RUS-ch U18"]
[Site "Dagomys"]
[Date "2004.04.??"]
[Round "3"]
[White "Shirjaev, Alexandr"]
[Black "Buslov, Ivan"]
[Result "0-1"]
[WhiteElo "2297"]
[BlackElo "2154"]
[PlyCount "70"]
[EventDate "2004.04.??"]
[EventType "swiss"]
[EventRounds "10"]
[EventCountry "RUS"]
[SourceTitle "EXT 2005"]
[Source "ChessBase"]
[SourceDate "2004.11.15"]
[SourceVersion "1"]
[SourceVersionDate "2004.11.15"]
[SourceQuality "1"]

1. e4 e6 2. d4 d5 3. Nc3 Bb4 4. e5 c5 5. a3 cxd4 6. axb4 dxc3 7. Nf3 Qc7 8. Bd3 f6 9. exf6 Nxf6 10. 0-0 0-0 11. Qe2 Bd7 12. Ra3 cxb2 13. Bxb2 Nc6 14. b5 Nb4 15. Be5 Qb6 16. Bd4 Qd6 17. Be5 Qe7 18. Nd4 Nxd3 19. Rxd3 a6 20. bxa6 bxa6 21. Rh3 a5 22. Ra1 a4 23. Qd3 h6 24. Rg3 Rf7 25. Rg6 a3 26. Qg3 Ne4 27. Qh3 Kh7 28. Qh5 Nf6 29. Bxf6 Rxf6 30. Rg3 a2 31. Rb3 Qc5 32. Qd1 e5 33. Nf3 Bg4 34. h3 Bxf3 35. Rxf3 Rxf3 0-1